The wild robot escapes / (Record no. 48737)
| 000 -LEADER | |
|---|---|
| fixed length control field | 00391nam a2200145 4500 |
| 020 ## - INTERNATIONAL STANDARD BOOK NUMBER | |
| International Standard Book Number | 9781848127517 |
| 100 ## - MAIN ENTRY--PERSONAL NAME | |
| Personal name | Brown, Peter. |
| 9 (RLIN) | 74696 |
| 245 ## - TITLE STATEMENT | |
| Title | The wild robot escapes / |
| Statement of responsibility, etc | Peter Brown. |
| 260 ## - PUBLICATION, DISTRIBUTION, ETC. (IMPRINT) | |
| Place of publication, distribution, etc | New York: |
| Name of publisher, distributor, etc | Picadilly; |
| Date of publication, distribution, etc | 2018. |
| 300 ## - PHYSICAL DESCRIPTION | |
| Extent | 277 p. |
| Other physical details | ill. |
| Dimensions | 19 cm. |
| 490 ## - SERIES STATEMENT | |
| Series statement | Wild robot; Bk.2 |
| 650 ## - SUBJECT ADDED ENTRY--TOPICAL TERM | |
| Topical term or geographic name as entry element | Robots. |
| Form subdivision | Fiction. |
| 655 ## - INDEX TERM--GENRE/FORM | |
| Genre/form data or focus term | Science Fiction. |
| 942 ## - ADDED ENTRY ELEMENTS (KOHA) | |
| Source of classification or shelving scheme | |
| Koha item type | J FIC BOOKS |
| Withdrawn status | Lost status | Source of classification or shelving scheme | Damaged status | Not for loan | Collection code | Home library | Current library | Shelving location | Date acquired | Full call number | Barcode | Date last seen | Price effective from | Koha item type |
|---|---|---|---|---|---|---|---|---|---|---|---|---|---|---|
| SECONDARY | Asian Hope Secondary Library | Asian Hope Secondary Library | Junior Fiction | 03/26/2025 | J FIC BRO BK.2 | 208391 | 01/16/2026 | 03/26/2025 | J FIC BOOKS |